000 01031nas a2200265 4500
001 BR8101985
003 BR-BrBNA
005 20231205084620.0
007 ta
008 230509b bl.|||p| |||| 00| 00por d
040 _aBR-BrBNA
_bpor
_cBiblioteca Nacional de Agricultura
041 _a(Pt)
072 _aH10
100 1 _aCosta, E.C.
100 1 _aLink, D.
245 1 _aDeterminacao do tamanho da unidade amostral para o metodo da rede, em soja, para insetos de importancia agricola [Glycine max; Sao Sepe; Rio Grande do Sul; Brasil]
246 1 _aDetermination of the size of sample-unit for the sweep method, for insects of agricultural importance in the soybean crop [Glycine max; Sao Sepe; Rio Grande do Sul; Brazil]
650 _aPraga de planta
650 _aSoja
650 _aInseto
650 _aRio Grande do Sul
773 0 _tRevista do Centro de Ciencias Rurais (Brazil)
_xISSN 0085-5901
_g(Jun 1980), v. 10(2) p. 115-123
_wBR8101985
909 _a202311
_bLúcia
_c55
_dLúcia Elande
942 _2AGRIS
_n0
_cANA
999 _c106264
_d106264